|
|
|
|
| LEADER |
01264nam a2200337 a 4500 |
| 001 |
35398 |
| 003 |
BD-DhAAL |
| 005 |
20211129152923.0 |
| 008 |
190912t1995 enka b 001 0 eng d |
| 999 |
|
|
|c 41233
|d 41233
|
| 010 |
|
|
|a 95167170
|
| 020 |
|
|
|a 185396283X
|
| 020 |
|
|
|a 9781853962837
|
| 040 |
|
|
|a DLC
|c DLC
|d DLC
|d BD-DhAAL
|
| 043 |
|
|
|a e-uk---
|
| 050 |
0 |
0 |
|a LB2900.5
|b .B89 1995
|
| 082 |
0 |
0 |
|a 371.200941
|2 20
|
| 100 |
1 |
|
|a Bush, Tony.
|9 34526
|
| 245 |
1 |
0 |
|a Theories of educational management /
|c Tony Bush.
|
| 250 |
|
|
|a Second edition
|
| 260 |
|
|
|a London :
|b P. Chapman Pub.,
|c c1995.
|
| 300 |
|
|
|a ix, 164 pages :
|b illustrations ;
|c 23 cm.
|
| 504 |
|
|
|a Includes bibliographical references and indexes.
|
| 526 |
|
|
|a BIED
|
| 541 |
|
|
|a Complimentary copy from BIED
|e 35398
|
| 650 |
|
0 |
|a School management and organization
|z Great Britain.
|9 34527
|
| 650 |
|
0 |
|a Management
|z Great Britain.
|9 34528
|
| 650 |
|
0 |
|a Organizational behavior
|z Great Britain.
|9 34529
|
| 852 |
|
|
|a Ayesha Abed Library
|c BIED Collection
|
| 942 |
|
|
|2 ddc
|c BK
|
| 952 |
|
|
|0 0
|1 0
|2 ddc
|4 0
|6 371_200941000000000_BUS
|7 0
|9 66282
|a BRACUL
|b BRACUL
|c GEN
|d 2019-09-12
|e Complimentary copy from BIED
|l 0
|o 371.200941 BUS
|p 3010035398
|r 2019-09-12
|t 1
|w 2019-09-12
|y BK
|x Transferred from BIED to General Stacks
|